00349pab a2200133 454500008004000000100001800040245005400058260000900112300001300121362001000134650001700144700002000161773003400181180718b2017 xxu||||| |||| 00| 0 eng d aGandhi, Sahil aWhat urbanisation reforms owe KC Sivaramakrishnan c2017 ap.27-29. a3 Jun aUrbanization aTandel, Vaidehi aEconomic and Political Weekly